Central Library OPAC University of Rajshahi

The marching wind / (Record no. 23278)

MARC details
000 -LEADER
fixed length control field 00768cam a22002651 4500
001 - CONTROL NUMBER
control field 23278
003 - CONTROL NUMBER IDENTIFIER
rucl marc code BD-RjUL
005 - DATE AND TIME OF LATEST TRANSACTION
control field 20211209000919.0
008 - FIXED-LENGTH DATA ELEMENTS--GENERAL INFORMATION
fixed length control field 140310s1954 nyu 001 0 eng
035 ## - SYSTEM CONTROL NUMBER
System control number (BD-RjUL)23343
System control number (OCoLC)421408
040 ## - CATALOGING SOURCE
Original cataloging agency DLC
Transcribing agency OAU
Modifying agency BD-RjUL
Language of cataloging eng
041 ## - LANGUAGE CODE
Language code of text/sound track or separate title eng
082 00 - DEWEY DECIMAL CLASSIFICATION NUMBER
Classification number 915.147
Author mark and year CLM 1954
100 1# - MAIN ENTRY--PERSONAL NAME
Personal name Clark, Leonard
Fuller form of name (Leonard Francis).
9 (RLIN) 71755
245 14 - TITLE STATEMENT
Title The marching wind /
Statement of responsibility, etc. Leonard Clark.
260 ## - PUBLICATION, DISTRIBUTION, ETC. (IMPRINT)
Place of publication, distribution, etc. New York :
Name of publisher, distributor, etc. Funk & Wagnalls,
Date of publication, distribution, etc. c1954.
300 ## - PHYSICAL DESCRIPTION
Pagination xvi, 368 p. :
Illustrations illus. ;
Size 24 cm.
504 ## - BIBLIOGRAPHY, ETC. NOTE
Bibliography, etc Includes index.
651 #0 - SUBJECT ADDED ENTRY--GEOGRAPHIC NAME
Geographic name Amne Machin Mountains.
9 (RLIN) 71756
Geographic name Qinghai Sheng (China)
General subdivision Description and travel.
9 (RLIN) 71757
942 ## - ADDED ENTRY ELEMENTS (KOHA)
Source of classification or shelving scheme Dewey Decimal Classification
Koha item type Books
Holdings
Lost status Source of classification or shelving scheme Damaged status Not for loan Collection code Permanent Location Current Location Shelving location Date acquired Total Checkouts Full call number Date last seen Copy number Koha item type
  Dewey Decimal Classification   Added to bundle Non-fiction Central Library, University of Rajshahi Central Library, University of Rajshahi Reading Room 10/03/2014   915.147 CLM 1954 10/03/2014 C-1 Books